000
00268nam a2200109Ia 4500
008
201231s9999 xx 000 0 und d
100
_a
Chang, Richard Y.
245
0
_a
Satisfying internal customers first
260
_a
London
_b
Kolgan Page
300
_a
104
942
_c
BK
999
_c
9304
_d
9304